[Event "Montreal int"]
[Site "Montreal CAN"]
[Date "2002.08.02"]
[Round "8"]
[White "Zugic, Igor"]
[Black "Charbonneau, Pascal"]
[Result "1/2-1/2"]
[WhiteElo "2450"]
[BlackElo "2422"]
[PlyCount "24"]
[GameId "2160767911441184"]
[EventDate "2002.07.25"]
[EventType "tourn"]
[EventRounds "11"]
[EventCountry "CAN"]
[EventCategory "11"]
[SourceTitle "The Week in Chess 404"]
[Source "Mark Crowther"]
[SourceDate "2002.08.05"]
[SourceVersion "1"]
[SourceVersionDate "2002.08.05"]
[SourceQuality "2"]

1. c4 e5 2. Nc3 Nf6 3. Nf3 Nc6 4. g3 Bb4 5. Nd5 Bc5 6. d3 h6 7. Bg2 d6 8. O-O O-O 9. e3 Nxd5 10. cxd5 Ne7 11. d4 exd4 12. Nxd4 Nf5 1/2-1/2

[Event "Montreal int"]
[Site "Montreal CAN"]
[Date "2002.08.03"]
[Round "9"]
[White "Charbonneau, Pascal"]
[Black "Kotronias, Vasilios"]
[Result "1/2-1/2"]
[WhiteElo "2422"]
[BlackElo "2578"]
[PlyCount "146"]
[GameId "2160767911441186"]
[EventDate "2002.07.25"]
[EventType "tourn"]
[EventRounds "11"]
[EventCountry "CAN"]
[EventCategory "11"]
[SourceTitle "The Week in Chess 404"]
[Source "Mark Crowther"]
[SourceDate "2002.08.05"]
[SourceVersion "1"]
[SourceVersionDate "2002.08.05"]
[SourceQuality "2"]

1. e4 Nf6 2. e5 Nd5 3. d4 d6 4. Nf3 g6 5. Bc4 c6 6. O-O Bg7 7. h3 O-O 8. Qe2 a5 9. a4 dxe5 10. dxe5 Na6 11. Rd1 Qc7 12. Bxd5 cxd5 13. Nc3 Nb4 14. Nxd5 Nxd5 15. Rxd5 b6 16. Bf4 Ba6 17. Qd2 Rad8 18. c3 Rxd5 19. Qxd5 Bb7 20. Qd4 Bxf3 21. gxf3 Qc6 22. Kg2 f5 23. h4 Qe6 24. Rd1 Rc8 25. Qd7 Kf7 26. Qb7 Ke8 27. Rd5 Rc4 28. Rd4 Rc5 29. b4 Rxc3 30. bxa5 bxa5 31. Qa8+ Kf7 32. Qxa5 Qc6 33. Be3 Ra3 34. Qb4 Rc3 35. Rd7 Bf8 36. Qd6 Qc4 37. Bg5 Qe6 38. a5 h6 39. Be3 f4 40. Bxf4 Rc4 41. Be3 Ra4 42. Qxe6+ Kxe6 43. Rd8 Bg7 44. Ra8 Bxe5 45. a6 Bd4 46. a7 Bxe3 47. fxe3 Kf7 48. f4 h5 49. e4 Ra3 50. f5 gxf5 51. exf5 Kg7 52. Kf2 Kh7 53. Ke2 Kg7 54. Kd2 Kh7 55. Kc2 Kg7 56. Kb2 Ra6 57. Kb3 Ra1 58. Kb4 Ra2 59. Kb5 Ra1 60. Kb6 Rb1+ 61. Kc6 Ra1 62. Kd5 Ra6 63. Ke5 Kf7 64. Ke4 Kg7 65. Kd5 Ra1 66. Kc5 Ra6 67. Kb5 Ra1 68. Kc6 Ra3 69. Kb6 Rb3+ 70. Kc7 Ra3 71. Kd8 Kf8 72. Kd7+ Kf7 73. Kc7 Kg7 1/2-1/2

[Event "Montreal int"]
[Site "Montreal CAN"]
[Date "2002.08.04"]
[Round "10"]
[White "Nogueiras, Jesus"]
[Black "Charbonneau, Pascal"]
[Result "1/2-1/2"]
[WhiteElo "2546"]
[BlackElo "2422"]
[PlyCount "101"]
[GameId "2160767911441194"]
[EventDate "2002.07.25"]
[EventType "tourn"]
[EventRounds "11"]
[EventCountry "CAN"]
[EventCategory "11"]
[SourceTitle "CBM 091"]
[Source "ChessBase"]
[SourceDate "2002.11.12"]
[SourceVersion "1"]
[SourceVersionDate "2002.11.12"]
[SourceQuality "1"]

1. c4 c6 2. d4 d5 3. cxd5 cxd5 4. Bf4 Nc6 5. e3 Nf6 6. Nc3 a6 7. Bd3 e6 8. Nf3 Be7 9. Rc1 O-O 10. O-O Bd7 11. h3 b5 12. Ne5 Na5 13. Qe2 Rc8 14. Rc2 Nc4 15. Rfc1 h6 16. Nb1 Nxe5 17. Bxe5 Qb6 18. Bc7 Qb7 19. Nd2 Ne4 20. Nb3 Nd6 21. Bxd6 Bxd6 22. Nc5 Bxc5 23. Rxc5 Rxc5 24. Rxc5 Rc8 25. b4 Rxc5 26. dxc5 Bc6 27. Qb2 Qc7 28. f4 Kf8 29. h4 f6 30. Bg6 e5 31. fxe5 Qxe5 32. Qxe5 fxe5 33. Bf5 Bb7 34. Kf2 Ke7 35. Kf3 Kf6 36. Bd7 Ke7 37. c6 Ba8 38. Kg4 g6 39. h5 gxh5+ 40. Kf5 Kd6 41. g3 d4 42. exd4 exd4 43. Be8 d3 44. Bxh5 Bxc6 45. Kf4 Kd5 46. Bf3+ Kd6 47. Bxc6 Kxc6 48. Ke3 Kd5 49. Kxd3 h5 50. a3 Ke5 51. Ke3 1/2-1/2

[Event "CAN-op"]
[Site "Montreal CAN"]
[Date "2002.07.13"]
[Round "1"]
[White "Buscar, Michael"]
[Black "Charbonneau, Pascal"]
[Result "0-1"]
[WhiteElo "2055"]
[BlackElo "2422"]
[PlyCount "90"]
[GameId "2160767911441215"]
[EventDate "2002.07.13"]
[EventType "swiss"]
[EventRounds "10"]
[EventCountry "CAN"]
[SourceTitle "CBM 089 Extra"]
[Source "ChessBase"]
[SourceDate "2002.09.10"]
[SourceVersion "2"]
[SourceVersionDate "2002.09.10"]
[SourceQuality "1"]

1. d4 d5 2. c4 Nc6 3. Nf3 Bg4 4. e3 e5 5. Be2 e4 6. Nfd2 Bxe2 7. Qxe2 Nb4 8. Kd1 c6 9. Nc3 f5 10. cxd5 cxd5 11. Qb5+ Qd7 12. Ke2 Nf6 13. Qxd7+ Kxd7 14. Nb3 Nd3 15. Rb1 Bd6 16. Bd2 Rhf8 17. Nc1 Nb4 18. a3 Nc6 19. b4 f4 20. Nb3 f3+ 21. gxf3 exf3+ 22. Ke1 Rae8 23. h3 Ne7 24. Nc5+ Bxc5 25. bxc5 Kc6 26. Nb5 Nc8 27. a4 Ne4 28. Rg1 g6 29. Bb4 Rf5 30. Rc1 Kd7 31. Ba5 Ne7 32. Nxa7 Ra8 33. Bb6 Nc6 34. Nxc6 Kxc6 35. a5 Rh5 36. Rg4 Rxh3 37. Rxe4 dxe4 38. Kd2 Rh2 39. Rf1 Rc8 40. Kc3 Kd5 41. Kb4 g5 42. Rg1 h6 43. Rf1 g4 44. Kb5 Rxf2 45. Rxf2 g3 0-1

[Event "CAN-op"]
[Site "Montreal CAN"]
[Date "2002.07.14"]
[Round "3"]
[White "Laptos, Krzysztof"]
[Black "Charbonneau, Pascal"]
[Result "1/2-1/2"]
[WhiteElo "2220"]
[BlackElo "2422"]
[PlyCount "60"]
[GameId "2160767911441257"]
[EventDate "2002.07.13"]
[EventType "swiss"]
[EventRounds "10"]
[EventCountry "CAN"]
[SourceTitle "CBM 089 Extra"]
[Source "ChessBase"]
[SourceDate "2002.09.10"]
[SourceVersion "2"]
[SourceVersionDate "2002.09.10"]
[SourceQuality "1"]

1. Nf3 Nf6 2. b3 g6 3. Bb2 Bg7 4. c4 O-O 5. g3 d6 6. Bg2 e5 7. d3 Nc6 8. O-O Nh5 9. Nc3 f5 10. e3 f4 11. Qd2 g5 12. Ne1 g4 13. Bd5+ Kh8 14. Bxc6 bxc6 15. exf4 exf4 16. Ng2 f3 17. Ne3 Qf6 18. Rab1 Qh6 19. Ne4 Bxb2 20. Rxb2 Ng7 21. Qa5 Bf5 22. Qxc7 d5 23. cxd5 cxd5 24. Qd6 Qh3 25. Qxd5 Rad8 26. Qc5 Rde8 27. Qd6 Bc8 28. Ng5 Qh5 29. Ne4 Qh3 30. Ng5 Qh5 1/2-1/2

[Event "CAN-op"]
[Site "Montreal CAN"]
[Date "2002.07.15"]
[Round "4"]
[White "Charbonneau, Pascal"]
[Black "Bannon, Eric"]
[Result "1-0"]
[WhiteElo "2422"]
[BlackElo "2199"]
[PlyCount "79"]
[GameId "2160767911441267"]
[EventDate "2002.07.13"]
[EventType "swiss"]
[EventRounds "10"]
[EventCountry "CAN"]
[SourceTitle "CBM 089 Extra"]
[Source "ChessBase"]
[SourceDate "2002.09.10"]
[SourceVersion "2"]
[SourceVersionDate "2002.09.10"]
[SourceQuality "1"]

1. e4 c5 2. Nf3 e6 3. d4 cxd4 4. Nxd4 Nf6 5. Nc3 Nc6 6. Nxc6 bxc6 7. e5 Nd5 8. Ne4 Qc7 9. f4 Qb6 10. Bd3 Ba6 11. Qe2 Bxd3 12. Qxd3 Be7 13. c4 Nb4 14. Qd1 Qd4 15. Qxd4 Nc2+ 16. Kf2 Nxd4 17. Rd1 Nf5 18. g4 Nh6 19. h3 f5 20. exf6 gxf6 21. f5 Nf7 22. Bf4 h5 23. Kg3 hxg4 24. fxe6 dxe6 25. hxg4 Rd8 26. Rxd8+ Kxd8 27. c5 Kc8 28. Re1 e5 29. Bd2 Kd7 30. Re3 Rb8 31. b4 Ke6 32. Ra3 Rb7 33. Kf3 Nd8 34. Ng3 Kd5 35. Rd3+ Kc4 36. Ke4 Ne6 37. Nf5 a5 38. Rd6 Nd8 39. Nxe7 Rxe7 40. Rxd8 1-0

[Event "CAN-op"]
[Site "Montreal CAN"]
[Date "2002.07.16"]
[Round "5"]
[White "Phillips, Roy Jean Noel"]
[Black "Charbonneau, Pascal"]
[Result "0-1"]
[WhiteElo "2204"]
[BlackElo "2422"]
[PlyCount "90"]
[GameId "2160767911449486"]
[EventDate "2002.07.13"]
[EventType "swiss"]
[EventRounds "10"]
[EventCountry "CAN"]
[SourceTitle "CBM 089 Extra"]
[Source "ChessBase"]
[SourceDate "2002.09.10"]
[SourceVersion "2"]
[SourceVersionDate "2002.09.10"]
[SourceQuality "1"]

1. Nc3 c5 2. Nf3 Nc6 3. e4 g6 4. g3 Bg7 5. Bg2 e6 6. O-O Nge7 7. d3 O-O 8. Bg5 d6 9. Qd2 e5 10. Bh6 f5 11. Bxg7 Kxg7 12. exf5 gxf5 13. Nh4 f4 14. Ne4 Ng6 15. Nf3 Bg4 16. h3 Bf5 17. c3 Qe7 18. g4 Bxe4 19. dxe4 Rad8 20. b4 cxb4 21. cxb4 Nh4 22. Nxh4 Qxh4 23. f3 Nd4 24. Qf2 Qxf2+ 25. Kxf2 Rc8 26. Rfc1 Nc2 27. Rab1 Rc7 28. Bf1 Rfc8 29. a4 Nd4 30. Rxc7+ Rxc7 31. Rb2 Rc3 32. Be2 b6 33. Ra2 Kf6 34. h4 h6 35. b5 Ke6 36. Kg2 d5 37. exd5+ Kxd5 38. a5 e4 39. axb6 axb6 40. fxe4+ Kxe4 41. Bd1 Ke3 42. Ra8 f3+ 43. Bxf3 Nxf3 44. Rb8 Kf4 45. Kf1 Rc2 0-1

[Event "CAN-op"]
[Site "Montreal CAN"]
[Date "2002.07.17"]
[Round "6"]
[White "Charbonneau, Pascal"]
[Black "Burnett, Ronald"]
[Result "1/2-1/2"]
[WhiteElo "2422"]
[BlackElo "2404"]
[PlyCount "28"]
[GameId "2160767911449490"]
[EventDate "2002.07.13"]
[EventType "swiss"]
[EventRounds "10"]
[EventCountry "CAN"]
[SourceTitle "CBM 089 Extra"]
[Source "ChessBase"]
[SourceDate "2002.09.10"]
[SourceVersion "2"]
[SourceVersionDate "2002.09.10"]
[SourceQuality "1"]

1. e4 g6 2. d4 d6 3. Nc3 Nd7 4. Nf3 c6 5. h4 Ngf6 6. e5 dxe5 7. dxe5 Ng4 8. e6 Nde5 9. exf7+ Nxf7 10. Qxd8+ Nxd8 11. h5 Bg7 12. hxg6 hxg6 13. Rxh8+ Bxh8 14. Bd3 Bf5 1/2-1/2

[Event "CAN-op"]
[Site "Montreal CAN"]
[Date "2002.07.18"]
[Round "7"]
[White "Degraeve, Jean Marc"]
[Black "Charbonneau, Pascal"]
[Result "1/2-1/2"]
[WhiteElo "2586"]
[BlackElo "2422"]
[PlyCount "81"]
[GameId "2160767911449505"]
[EventDate "2002.07.13"]
[EventType "swiss"]
[EventRounds "10"]
[EventCountry "CAN"]
[SourceTitle "CBM 089 Extra"]
[Source "ChessBase"]
[SourceDate "2002.09.10"]
[SourceVersion "2"]
[SourceVersionDate "2002.09.10"]
[SourceQuality "1"]

1. e4 c5 2. Nf3 Nc6 3. Nc3 e6 4. Bb5 Nd4 5. O-O a6 6. Bd3 Ne7 7. Nxd4 cxd4 8. Ne2 Nc6 9. c3 d5 10. cxd4 dxe4 11. Bxe4 Be7 12. Bxc6+ bxc6 13. d3 O-O 14. Be3 Rb8 15. b3 Bd6 16. Rc1 Qc7 17. h3 f5 18. f4 Qa5 19. Nc3 c5 20. dxc5 Bxc5 21. Bxc5 Qxc5+ 22. Kh2 Qd6 23. Na4 Rd8 24. Nc5 Rb4 25. Qd2 Rd4 26. Qe3 Rd5 27. Rfe1 Kf7 28. Rc4 a5 29. Rec1 e5 30. fxe5 Rxe5 31. Qg3 g5 32. Ne4 fxe4 33. Rc6 Qe7 34. Rxc8 Rxd3 35. Qf2+ Kg6 36. R1c6+ Rd6 37. Qd4 Ree6 38. Rxd6 Qxd6+ 39. Qxd6 Rxd6 40. Rc5 a4 41. bxa4 1/2-1/2

[Event "CAN-op"]
[Site "Montreal CAN"]
[Date "2002.07.19"]
[Round "8"]
[White "Charbonneau, Pascal"]
[Black "Voskanyan, Vahagn"]
[Result "1/2-1/2"]
[WhiteElo "2422"]
[BlackElo "2315"]
[PlyCount "46"]
[GameId "2160767911449525"]
[EventDate "2002.07.13"]
[EventType "swiss"]
[EventRounds "10"]
[EventCountry "CAN"]
[SourceTitle "CBM 089 Extra"]
[Source "ChessBase"]
[SourceDate "2002.09.10"]
[SourceVersion "2"]
[SourceVersionDate "2002.09.10"]
[SourceQuality "1"]

1. e4 c5 2. Nf3 d6 3. d4 cxd4 4. Nxd4 Nf6 5. Nc3 a6 6. Be3 e6 7. g4 Be7 8. g5 Nfd7 9. h4 Nc6 10. Qh5 g6 11. Qe2 Rg8 12. O-O-O Qc7 13. f4 Nxd4 14. Bxd4 b5 15. Bh3 b4 16. Nd5 exd5 17. exd5 Kd8 18. Rde1 Re8 19. Bf6 Nc5 20. Bxc8 Rxc8 21. Rh3 Ne6 22. Re3 Nxf4 23. Rxe7 Nxe2+ 1/2-1/2

[Event "CAN-op"]
[Site "Montreal CAN"]
[Date "2002.07.20"]
[Round "9"]
[White "Cuartas, Carlos"]
[Black "Charbonneau, Pascal"]
[Result "0-1"]
[WhiteElo "2307"]
[BlackElo "2422"]
[PlyCount "62"]
[GameId "2160767911449545"]
[EventDate "2002.07.13"]
[EventType "swiss"]
[EventRounds "10"]
[EventCountry "CAN"]
[SourceTitle "CBM 089 Extra"]
[Source "ChessBase"]
[SourceDate "2002.09.10"]
[SourceVersion "2"]
[SourceVersionDate "2002.09.10"]
[SourceQuality "1"]

1. d4 d5 2. Nf3 Nc6 3. Bf4 Bg4 4. Nbd2 Qd7 5. e3 f6 6. h3 Bh5 7. c4 e5 8. dxe5 Bxf3 9. e6 Qxe6 10. Qxf3 Bb4 11. Qxd5 Qe7 12. O-O-O Rd8 13. Qh5+ g6 14. Qf3 Rxd2 15. Rxd2 Bxd2+ 16. Kxd2 Qb4+ 17. Kc1 Qe1+ 18. Qd1 Qxf2 19. Qe2 Qxe2 20. Bxe2 Ne5 21. Rd1 Ne7 22. Kc2 N7c6 23. Kc3 Ke7 24. b4 Rd8 25. Rd5 Rxd5 26. cxd5 Nd8 27. Kd4 Kd6 28. Bf3 b6 29. a3 c5+ 30. dxc6 Ne6+ 31. Ke4 f5# 0-1

[Event "CAN-op"]
[Site "Montreal CAN"]
[Date "2002.07.21"]
[Round "10"]
[White "Charbonneau, Pascal"]
[Black "Feoktistov, Dmitri"]
[Result "1-0"]
[WhiteElo "2422"]
[BlackElo "2019"]
[PlyCount "65"]
[GameId "2160767911449559"]
[EventDate "2002.07.13"]
[EventType "swiss"]
[EventRounds "10"]
[EventCountry "CAN"]
[SourceTitle "CBM 089 Extra"]
[Source "ChessBase"]
[SourceDate "2002.09.10"]
[SourceVersion "2"]
[SourceVersionDate "2002.09.10"]
[SourceQuality "1"]

1. e4 c6 2. d4 d5 3. e5 Bf5 4. Nc3 e6 5. g4 Bg6 6. Nge2 h6 7. Be3 Qb6 8. Qd2 Nd7 9. O-O-O O-O-O 10. f4 h5 11. f5 exf5 12. g5 Bb4 13. a3 Bxc3 14. Qxc3 Nf8 15. h4 Ne6 16. Bh3 Ne7 17. Rhf1 Rhf8 18. Ng3 Rde8 19. Nxf5 Bxf5 20. Bxf5 Nxf5 21. Rxf5 g6 22. Rf6 Ng7 23. Rdf1 Nf5 24. R1xf5 gxf5 25. Qd3 Qc7 26. Qxf5+ Qd7 27. Qf3 Kb8 28. g6 Rh8 29. gxf7 Ref8 30. e6 Qe7 31. Bg5 Rh7 32. Qf5 Rfxf7 33. Rxf7 1-0

[Event "CAN/QC op"]
[Site "Montreal CAN"]
[Date "2002.07.14"]
[Round "2"]
[White "Charbonneau, Pascal"]
[Black "Meng, Fanhao"]
[Result "1-0"]
[WhiteElo "2442"]
[BlackElo "2116"]
[PlyCount "45"]
[GameId "2160767911449591"]
[EventDate "2002.07.13"]
[EventType "swiss"]
[EventRounds "9"]
[EventCountry "CAN"]

1. c4 c6 2. e4 e6 3. d4 d5 4. cxd5 cxd5 5. e5 Nc6 6. Nc3 Bd7 7. Nf3 f6 8. Bd3 fxe5 9. Nxe5 Nxe5 10. dxe5 g6 11. O-O Ne7 12. Bg5 Qb6 13. Qe2 Bg7 14. h4 Qd4 15. Rfe1 h6 16. Rad1 Qb4 17. Bf6 Kf7 18. a3 Qc5 19. Qf3 Rhf8 20. h5 Kg8 21. hxg6 Kh8 22. g4 Be8 23. Qh3 1-0

[Event "Montreal m1"]
[Site "Montreal CAN"]
[Date "2002.07.09"]
[Round "1"]
[White "Charbonneau, Pascal"]
[Black "Ivanov, Igor V"]
[Result "0-1"]
[WhiteElo "2422"]
[BlackElo "2489"]
[PlyCount "122"]
[GameId "2160767911449746"]
[EventDate "2002.07.09"]
[EventType "match"]
[EventRounds "4"]
[EventCountry "CAN"]
[SourceTitle "EXT 2009"]
[Source "ChessBase"]
[SourceDate "2008.11.26"]
[SourceVersion "1"]
[SourceVersionDate "2008.11.26"]
[SourceQuality "1"]

1. e4 c5 2. Nf3 e6 3. d4 cxd4 4. Nxd4 Nf6 5. Nc3 Nc6 6. Be3 d6 7. Bc4 Be7 8. Qe2 Na5 9. Bd3 a6 10. O-O e5 11. Nb3 Be6 12. f4 exf4 13. Bxf4 Nc6 14. h3 O-O 15. Rad1 Ne5 16. Nd5 Bxd5 17. exd5 Re8 18. Bxe5 dxe5 19. c4 e4 20. Bb1 Rc8 21. Kh1 Qc7 22. Nd2 Bb4 23. Rxf6 gxf6 24. Nxe4 Qe5 25. d6 Rcd8 26. d7 Re6 27. Rd5 Qf4 28. g3 Qc1+ 29. Rd1 Qh6 30. Qg4+ Kf8 31. c5 Re5 32. Nd6 Rg5 33. Qh4 Qxh4 34. gxh4 Rxc5 35. Bf5 Rc7 36. Nc8 h5 37. a3 Be7 38. b4 a5 39. Rd4 axb4 40. axb4 b5 41. Rd5 Bxb4 42. Rxb5 Be7 43. Rd5 Rc1+ 44. Kg2 Re1 45. Kf3 Re5 46. Rxe5 fxe5 47. Ke4 Bxh4 48. Kxe5 Kg7 49. Kd6 Rh8 50. Bd3 Bd8 51. Na7 Rh6+ 52. Kd5 Be7 53. Nc8 Kf8 54. Nxe7 Kxe7 55. Bf5 Ra6 56. Ke4 Ra4+ 57. Ke5 f6+ 58. Kd5 Rf4 59. Be6 Rf1 60. Kc6 Rc1+ 61. Kb7 Rd1 0-1

[Event "Montreal m1"]
[Site "Montreal CAN"]
[Date "2002.07.10"]
[Round "2"]
[White "Ivanov, Igor V"]
[Black "Charbonneau, Pascal"]
[Result "1/2-1/2"]
[WhiteElo "2489"]
[BlackElo "2422"]
[PlyCount "62"]
[GameId "2160767911449747"]
[EventDate "2002.07.09"]
[EventType "match"]
[EventRounds "4"]
[EventCountry "CAN"]
[SourceTitle "EXT 2009"]
[Source "ChessBase"]
[SourceDate "2008.11.26"]
[SourceVersion "1"]
[SourceVersionDate "2008.11.26"]
[SourceQuality "1"]

1. Nf3 Nf6 2. c4 e6 3. g3 c5 4. Bg2 b6 5. d4 Bb7 6. d5 d6 7. Nc3 e5 8. O-O g6 9. e4 Bg7 10. Ne1 O-O 11. Nd3 Nbd7 12. Bg5 h6 13. Be3 Qe7 14. h3 Kh7 15. Qc2 h5 16. Rae1 Ng8 17. f4 h4 18. gxh4 Qxh4 19. f5 Bh6 20. Qf2 Qxf2+ 21. Rxf2 Ba6 22. b3 Ndf6 23. fxg6+ fxg6 24. Bxh6 Kxh6 25. Ref1 Nd7 26. Rf7 Ndf6 27. Rc7 Rfc8 28. Rxc8 Rxc8 29. Bf3 Rf8 30. Bg4 Nh7 31. Rxf8 Nxf8 1/2-1/2

[Event "Montreal m1"]
[Site "Montreal CAN"]
[Date "2002.07.11"]
[Round "3"]
[White "Charbonneau, Pascal"]
[Black "Ivanov, Igor V"]
[Result "1/2-1/2"]
[WhiteElo "2422"]
[BlackElo "2489"]
[PlyCount "100"]
[GameId "2160767911449748"]
[EventDate "2002.07.09"]
[EventType "match"]
[EventRounds "4"]
[EventCountry "CAN"]
[SourceTitle "EXT 2009"]
[Source "ChessBase"]
[SourceDate "2008.11.26"]
[SourceVersion "1"]
[SourceVersionDate "2008.11.26"]
[SourceQuality "1"]

1. e4 c5 2. Nf3 Nc6 3. d4 cxd4 4. Nxd4 g6 5. c4 Nf6 6. Nc3 d6 7. Be2 Nxd4 8. Qxd4 Bg7 9. Be3 Be6 10. f3 O-O 11. Qd2 Qa5 12. Rc1 Rfc8 13. b3 a6 14. Na4 Qxd2+ 15. Kxd2 Nd7 16. Nc3 b5 17. Nd5 Bxd5 18. cxd5 Bb2 19. Rxc8+ Rxc8 20. Rb1 Be5 21. Rc1 Rxc1 22. Kxc1 Nc5 23. Kc2 b4 24. f4 Ba1 25. Bxc5 dxc5 26. Bxa6 f6 27. Kd3 Kf7 28. h4 Bd4 29. Bc4 Kg7 30. Bb5 h6 31. Ke2 Kf7 32. h5 gxh5 33. Kf3 h4 34. Kg4 Bf2 35. Kf5 Bg3 36. Be2 Ke8 37. e5 fxe5 38. fxe5 Kd8 39. Bb5 Bh2 40. Ke6 Kc7 41. Be2 Bg3 42. Bf1 Bh2 43. g4 Bg3 44. Kf5 Kd8 45. Kg6 Bxe5 46. Kxh6 Ke8 47. g5 Kf8 48. Bh3 Bd4 49. Be6 Be3 50. Kh5 Bf2 1/2-1/2

[Event "Montreal m1"]
[Site "Montreal CAN"]
[Date "2002.07.12"]
[Round "4"]
[White "Ivanov, Igor V"]
[Black "Charbonneau, Pascal"]
[Result "1-0"]
[WhiteElo "2489"]
[BlackElo "2422"]
[PlyCount "57"]
[GameId "2160767911449749"]
[EventDate "2002.07.09"]
[EventType "match"]
[EventRounds "4"]
[EventCountry "CAN"]
[SourceTitle "EXT 2009"]
[Source "ChessBase"]
[SourceDate "2008.11.26"]
[SourceVersion "1"]
[SourceVersionDate "2008.11.26"]
[SourceQuality "1"]

1. Nf3 Nc6 2. e4 f5 3. exf5 d5 4. Bb5 Bxf5 5. O-O Qd6 6. Re1 Bg4 7. d3 O-O-O 8. Bxc6 bxc6 9. h3 Bh5 10. Nbd2 e5 11. c3 Re8 12. Qa4 Nf6 13. Qxa7 g5 14. d4 e4 15. Ne5 Rxe5 16. dxe5 Qxe5 17. Nf1 Rg8 18. Be3 Kd7 19. Ng3 Bf7 20. Rad1 Bd6 21. Bc5 Bg6 22. c4 h5 23. cxd5 cxd5 24. Bd4 Qf4 25. Bxf6 h4 26. Nf1 Qxf6 27. Rxd5 g4 28. hxg4 Bf7 29. Qa4+ 1-0

[Event "WCN-ch North America"]
[Site "Richmond CAN"]
[Date "2002.06.11"]
[Round "2"]
[White "Christiansen, Larry"]
[Black "Charbonneau, Pascal"]
[Result "0-1"]
[WhiteElo "2578"]
[BlackElo "2405"]
[PlyCount "106"]
[GameId "2160767911450039"]
[EventDate "2002.06.10"]
[EventType "match"]
[EventRounds "5"]
[EventCountry "CAN"]
[SourceTitle "CBM 090"]
[Source "ChessBase"]
[SourceDate "2002.09.20"]
[SourceVersion "1"]
[SourceVersionDate "2002.09.20"]
[SourceQuality "1"]

1. e4 c5 2. Nf3 d6 3. Bb5+ Nd7 4. d4 Ngf6 5. O-O cxd4 6. Qxd4 e5 7. Qd3 h6 8. c4 Be7 9. Nc3 O-O 10. Bxd7 Bxd7 11. a4 Bc6 12. Re1 a5 13. b3 Qb6 14. h3 Nd7 15. Be3 Nc5 16. Bxc5 Qxc5 17. Rad1 g6 18. Nd5 Bd8 19. Re3 Kg7 20. Qc3 Kh7 21. Qc2 b5 22. axb5 Bxb5 23. Nf6+ Bxf6 24. Rd5 Qc6 25. Rxb5 Rfc8 26. Rc3 Bd8 27. h4 Bb6 28. g3 Bd4 29. Rd5 Bxc3 30. Qxc3 a4 31. bxa4 Qxc4 32. Qxc4 Rxc4 33. Rxd6 Ra5 34. h5 g5 35. Rd7 Kg7 36. Nh2 Rxe4 37. Nf1 Rexa4 38. Ne3 Ra7 39. Rd8 R7a6 40. Re8 Re6 41. Rd8 e4 42. Rd5 Rf6 43. Nf5+ Kh7 44. g4 e3 45. Nxe3 Rff4 46. Rd7 Ra1+ 47. Kg2 Ra2 48. Nd5 Raxf2+ 49. Kg1 Rf1+ 50. Kg2 R4f2+ 51. Kg3 Rf3+ 52. Kg2 R1f2+ 53. Kg1 Rb2 0-1

[Event "WCN-ch North America"]
[Site "Richmond CAN"]
[Date "2002.06.14"]
[Round "4"]
[White "Christiansen, Larry"]
[Black "Charbonneau, Pascal"]
[Result "1-0"]
[WhiteElo "2578"]
[BlackElo "2405"]
[PlyCount "43"]
[GameId "2160767911450041"]
[EventDate "2002.06.10"]
[EventType "match"]
[EventRounds "5"]
[EventCountry "CAN"]
[SourceTitle "CBM 090"]
[Source "ChessBase"]
[SourceDate "2002.09.20"]
[SourceVersion "1"]
[SourceVersionDate "2002.09.20"]
[SourceQuality "1"]

1. c4 e5 2. g3 Nf6 3. Bg2 Nc6 4. Nc3 Bb4 5. Nd5 Bc5 6. e3 Nxd5 7. cxd5 Ne7 8. b4 Bd6 9. Bb2 O-O 10. a3 f5 11. f4 Ng6 12. Nf3 Qe8 13. O-O exf4 14. exf4 Be7 15. Re1 Qd8 16. d6 cxd6 17. Rxe7 Nxe7 18. Ng5 d5 19. Qe2 h6 20. Re1 hxg5 21. Qxe7 Qxe7 22. Rxe7 1-0

[Event "Paul Keres mem (27th)"]
[Site "Vancouver CAN"]
[Date "2002.05.17"]
[Round "1.2"]
[White "Pechisker, Alfred"]
[Black "Charbonneau, Pascal"]
[Result "0-1"]
[WhiteElo "2047"]
[BlackElo "2405"]
[PlyCount "52"]
[GameId "2160767911450305"]
[EventDate "2002.05.17"]
[EventType "swiss"]
[EventRounds "7"]
[EventCountry "CAN"]
[SourceTitle "EXT 2004"]
[Source "ChessBase"]
[SourceDate "2003.11.25"]
[SourceVersion "1"]
[SourceVersionDate "2003.11.25"]
[SourceQuality "1"]

1. d4 d5 2. c4 Nc6 3. Nf3 Bg4 4. e3 e5 5. Be2 exd4 6. Nxd4 Bxe2 7. Qxe2 Nxd4 8. exd4+ Qe7 9. c5 O-O-O 10. Qxe7 Nxe7 11. Ke2 b6 12. cxb6 axb6 13. Be3 Nf5 14. Nd2 Kb7 15. g4 Nh4 16. Nf3 Ng6 17. Rac1 Bd6 18. a3 Rde8 19. Kd3 Re4 20. h3 Nf4+ 21. Kc2 h5 22. Nd2 Re6 23. Bxf4 Bxf4 24. Rce1 hxg4 25. hxg4 Rxh1 26. Rxh1 Re2 0-1

[Event "Paul Keres mem (27th)"]
[Site "Vancouver CAN"]
[Date "2002.05.18"]
[Round "2.2"]
[White "Charbonneau, Pascal"]
[Black "Beqo, Nick"]
[Result "1-0"]
[WhiteElo "2469"]
[BlackElo "2151"]
[PlyCount "49"]
[GameId "2160767911450328"]
[EventDate "2002.05.17"]
[EventType "swiss"]
[EventRounds "7"]
[EventCountry "CAN"]

1. e4 Nc6 2. Nf3 e5 3. d4 exd4 4. Nxd4 Bb4+ 5. c3 Bc5 6. Bc4 d6 7. Nxc6 bxc6 8. O-O Nf6 9. Bg5 h6 10. Bh4 g5 11. Bg3 Nxe4 12. Re1 d5 13. Nd2 Bf5 14. Qf3 Qd7 15. Nxe4 Bxe4 16. Rxe4+ dxe4 17. Qxe4+ Be7 18. Re1 Kf8 19. Be5 f5 20. Qe2 Rh7 21. Be6 Qxe6 22. Bg7+ Rxg7 23. Qxe6 Bd6 24. Qxh6 Kg8 25. Qe6+ 1-0

[Event "Paul Keres mem (27th)"]
[Site "Vancouver CAN"]
[Date "2002.05.18"]
[Round "3.2"]
[White "Pupols, Viktors"]
[Black "Charbonneau, Pascal"]
[Result "0-1"]
[WhiteElo "2223"]
[BlackElo "2405"]
[PlyCount "60"]
[GameId "2160767911450349"]
[EventDate "2002.05.17"]
[EventType "swiss"]
[EventRounds "7"]
[EventCountry "CAN"]
[SourceTitle "EXT 2004"]
[Source "ChessBase"]
[SourceDate "2003.11.25"]
[SourceVersion "1"]
[SourceVersionDate "2003.11.25"]
[SourceQuality "1"]

1. c4 e5 2. Nc3 Nc6 3. g3 f5 4. Bg2 Nf6 5. d3 Bc5 6. Nf3 d6 7. O-O a5 8. e3 O-O 9. d4 Ba7 10. a3 Bd7 11. b3 Kh8 12. Bb2 f4 13. exf4 exf4 14. Nb5 Bb6 15. d5 Ne7 16. Nbd4 fxg3 17. fxg3 Nf5 18. Qd3 Qe8 19. Kh1 Qe3 20. Qxe3 Nxe3 21. Rfe1 Rae8 22. h3 a4 23. Rac1 axb3 24. Nxb3 Ne4 25. Kg1 Nxg2+ 26. Kxg2 Bxh3+ 27. Kxh3 Rxf3 28. Nd4 Rxg3+ 29. Kh2 Rd3 30. Re2 Bxd4 0-1